000
00203nam a22000857a 4500
008
170504b xxu||||| |||| 00| 0 eng d
100
_9
3096
_a
Subhash Dey
245
_a
Business Studies-XII
260
_a
New Delhi
999
_c
6383
_d
6383